00396 2200169 4500001002100000008004100021035002000062245003500082100001700117250000600134260003000140300001200170084001400182082000800196650001000204990001200214INLIS000000000000034 ind  a0010-0424000010 aThe Ultimate LifecJim Stovall aStovall, Jim a1 aJakarta :bGramediac2010 a244 hlm a800 JIM t a800 aFiksi a0737347